Communicative syllabus design

Zapisane w:
Opis bibliograficzny
1. autor: JOHN MUNBY
Format: Książka
Język:Undetermined
Wydane: Cambridge 1998
Etykiety: Dodaj etykietę
Nie ma etykietki, Dołącz pierwszą etykiete!
Thư viện lưu trữ: Trung tâm Học liệu Trường Đại học Cần Thơ
LEADER 00395nam a2200157Ia 4500
001 CTU_49514
008 210402s9999 xx 000 0 und d
020 |b 249000 
082 |a 407 
082 |b M963 
100 |a JOHN MUNBY 
245 0 |a Communicative syllabus design 
245 0 |c JOHN MUNBY 
260 |b Cambridge 
260 |c 1998 
980 |a Trung tâm Học liệu Trường Đại học Cần Thơ